[Event "Czech Open GM 2019"]
[Site "Pardubice"]
[Date "2019.07.21"]
[Round "3.13"]
[White "Bruedigam, Martin"]
[Black "Medvedyk, Volodymyr"]
[Result "0-1"]
[WhiteElo "2395"]
[BlackElo "2197"]
[Annotator "NA"]
[PlyCount "70"]
[EventDate "2019.07.19"]
[EventType "swiss"]
[EventCountry "CZE"]
[SourceTitle "playchess.com"]
[Source "ChessBase"]
[SourceQuality "1"]

1. e4 e5 2. Nf3 Nc6 3. Bc4 Bc5 4. O-O Nf6 5. d3 O-O 6. Bg5 h6 7. Bh4 Be7 8. Bg3 d6 9. a4 Na5 10. Ba2 c5 11. h3 a6 12. c3 Nc6 13. Re1 Be6 14. Nbd2 Bxa2 15. Rxa2 b5 16. Nf1 g6 17. Qd2 Kh7 18. axb5 axb5 19. Rea1 Rxa2 20. Rxa2 Nd7 21. d4 cxd4 22. cxd4 Qb6 23. Ne3 Nf6 24. dxe5 Nxe4 25. Qd3 Nxg3 26. exd6 Bd8 27. Nd5 Qc5 28. b4 Qc1+ 29. Kh2 Nf1+ 30. Kh1 Ng3+ 31. Kh2 Nf1+ 32. Kh1 Ne3+ 33. Kh2 Nxd5 34. Qxd5 Nxb4 35. Qd2 Nxa2 0-1

[Event "Czech Open GM 2019"]
[Site "Pardubice"]
[Date "2019.07.21"]
[Round "3.14"]
[White "Kosakowski, Jakub"]
[Black "Hesse, Henrik"]
[Result "1-0"]
[WhiteElo "2394"]
[BlackElo "2193"]
[Annotator "NA"]
[PlyCount "105"]
[EventDate "2019.07.19"]
[EventType "swiss"]
[EventCountry "CZE"]
[SourceTitle "playchess.com"]
[Source "ChessBase"]
[SourceQuality "1"]

1. d4 Nf6 2. c4 g6 3. g3 Bg7 4. Bg2 d5 5. cxd5 Nxd5 6. Nf3 O-O 7. O-O Nb6 8. Nc3 c6 9. Qc2 Bg4 10. Rd1 Qc8 11. Bg5 Re8 12. Rac1 h6 13. Bf4 g5 14. Be5 f6 15. Bxb8 Rxb8 16. Qb3+ Be6 17. d5 Bf7 18. Nd4 Qc7 19. Qa3 Nc4 20. Qc5 Ne5 21. dxc6 bxc6 22. b3 Rbc8 23. Ncb5 Qa5 24. Nxa7 Qxc5 25. Rxc5 Ra8 26. Ra5 Red8 27. Naxc6 Nxc6 28. Rxa8 Rxa8 29. Nxc6 Rxa2 30. Rd8+ Kh7 31. Be4+ Bg6 32. Bxg6+ Kxg6 33. Nxe7+ Kf7 34. Nf5 Bf8 35. e3 Rb2 36. Rb8 h5 37. h3 g4 38. hxg4 hxg4 39. Kg2 Rb1 40. Rb7+ Kg6 41. Nh4+ Kg5 42. Rb5+ Kh6 43. e4 Re1 44. Nf5+ Kg6 45. Ne3 Be7 46. e5 f5 47. e6 Bg5 48. Re5 Be7 49. Nxg4 Rb1 50. Ne3 Rxb3 51. Nxf5 Kf6 52. Re3 Rb2 53. Nxe7 1-0

[Event "Czech Open GM 2019"]
[Site "Pardubice"]
[Date "2019.07.21"]
[Round "3.14"]
[White "Punin, Andrii"]
[Black "Cernousek, Lukas"]
[Result "1-0"]
[WhiteElo "2305"]
[BlackElo "2451"]
[Annotator "ChessBase"]
[PlyCount "67"]
[EventDate "2019.07.19"]
[EventType "swiss"]
[EventCountry "CZE"]
[SourceTitle "playchess.com"]
[Source "ChessBase"]
[SourceQuality "1"]

1. e4 c5 2. Nf3 d6 3. d4 Nf6 4. Nc3 cxd4 5. Nxd4 a6 6. f3 e6 7. Be3 b5 8. Qd2 Nbd7 9. g4 h6 10. O-O-O b4 11. Nce2 Qc7 12. h4 d5 13. Bf4 e5 14. Bh2 dxe4 15. g5 hxg5 16. hxg5 e3 17. Qxe3 Nd5 18. Qe4 Rxh2 19. Rxh2 Bb7 20. Nb3 Nc3 21. Rxd7 Nxe2+ 22. Rxe2 Kxd7 23. Qf5+ Kd8 24. g6 Bd6 25. gxf7 Ke7 26. f4 e4 27. Rxe4+ Kf8 28. Rd4 Bc8 29. Qh7 Qxf7 30. Bc4 Qf6 31. Re4 Bxf4+ 32. Kb1 Be5 33. Qg8+ Ke7 34. Qd5 1-0

[Event "Czech Open GM 2019"]
[Site "Pardubice"]
[Date "2019.07.21"]
[Round "3.15"]
[White "De Rover, Yong Hoon"]
[Black "Murko, David"]
[Result "1-0"]
[WhiteElo "2391"]
[BlackElo "2192"]
[Annotator "NA"]
[PlyCount "61"]
[EventDate "2019.07.19"]
[EventType "swiss"]
[EventCountry "CZE"]
[SourceTitle "playchess.com"]
[Source "ChessBase"]
[SourceQuality "1"]

1. e4 c5 2. Nf3 d6 3. d4 cxd4 4. Nxd4 Nf6 5. Nc3 g6 6. Be3 Bg7 7. f3 O-O 8. Qd2 Nc6 9. Bc4 Bd7 10. O-O-O Rc8 11. Bb3 Nxd4 12. Bxd4 b5 13. Nd5 Nxd5 14. Bxg7 Kxg7 15. exd5 a5 16. a3 Kg8 17. Rhe1 Rc5 18. Re3 b4 19. axb4 axb4 20. Qxb4 Qa8 21. Bc4 Qc8 22. b3 Bf5 23. Rxe7 Qa8 24. Qc3 Ra5 25. g4 Ra1+ 26. Kd2 Rxd1+ 27. Kxd1 Qd8 28. Qf6 Bc8 29. h4 Qb6 30. Kc1 h5 31. Bd3 1-0

[Event "Czech Open GM 2019"]
[Site "Pardubice"]
[Date "2019.07.21"]
[Round "3.15"]
[White "Pesotskiy, Mikhail"]
[Black "Bryzgalin, Kirill"]
[Result "0-1"]
[WhiteElo "2301"]
[BlackElo "2437"]
[Annotator "NA"]
[PlyCount "102"]
[EventDate "2019.07.19"]
[EventType "swiss"]
[EventCountry "CZE"]
[SourceTitle "playchess.com"]
[Source "ChessBase"]
[SourceQuality "1"]

1. d4 d5 2. c4 c6 3. Nf3 Nf6 4. e3 Bg4 5. cxd5 cxd5 6. Nc3 Bxf3 7. Qxf3 e6 8. Bd3 Nc6 9. O-O Be7 10. Qh3 g6 11. Bd2 O-O 12. f4 Ne8 13. g4 Nd6 14. f5 Bg5 15. Rad1 Re8 16. fxe6 fxe6 17. Qg2 Rc8 18. e4 dxe4 19. Bxg5 Qxg5 20. Nxe4 Nxe4 21. Bxe4 Rcd8 22. d5 Ne5 23. dxe6 Rxd1 24. Rxd1 Nxg4 25. Kh1 Qh4 26. Kg1 Ne3 27. Qf3 Rxe6 28. Rc1 Qg5+ 29. Kh1 Rf6 30. Qg3 Qxg3 31. hxg3 b6 32. Kg1 Kg7 33. Re1 Ng4 34. Bd5 Rd6 35. Re7+ Kf6 36. Rf7+ Kg5 37. Bb3 Ne5 38. Rxh7 Rd2 39. Rxa7 Nf3+ 40. Kf1 Kg4 41. Re7 Kxg3 42. Re2 Rxe2 43. Kxe2 Nd4+ 44. Kd3 Nxb3 45. axb3 Kf3 46. b4 g5 47. Kc4 g4 48. Kb5 g3 49. Kxb6 g2 50. b5 g1=Q+ 51. Kc6 Qa7 0-1

[Event "Czech Open GM 2019"]
[Site "Pardubice"]
[Date "2019.07.21"]
[Round "3.16"]
[White "Kacharava, Nikolozi"]
[Black "Kutynec, Vladimir"]
[Result "0-1"]
[WhiteElo "2431"]
[BlackElo "2252"]
[Annotator "NA"]
[PlyCount "108"]
[EventDate "2019.07.19"]
[EventType "swiss"]
[EventCountry "CZE"]
[SourceTitle "playchess.com"]
[Source "ChessBase"]
[SourceQuality "1"]

1. e4 c5 2. Nf3 Nc6 3. d4 cxd4 4. Nxd4 g6 5. Nb3 Bg7 6. Be2 Nf6 7. Nc3 O-O 8. O-O d6 9. Bg5 Be6 10. Kh1 h6 11. Be3 d5 12. exd5 Nxd5 13. Nxd5 Bxd5 14. Qc1 Bxb3 15. axb3 Kh7 16. c3 Qc7 17. f4 f5 18. Qe1 Rad8 19. b4 a6 20. Qf2 Qc8 21. h3 e5 22. fxe5 Nxe5 23. Bd4 f4 24. Ra5 f3 25. Bxe5 fxe2 26. Qxe2 Qe6 27. Re1 Rfe8 28. Qf1 b6 29. Rxa6 Bxe5 30. Ra7+ Re7 31. Rxe7+ Qxe7 32. Qb5 Re8 33. Qxb6 Qh4 34. Qe3 Re7 35. Rf1 h5 36. Qf3 Bg7 37. Qd3 Re1 38. Qf3 Qe7 39. Rxe1 Qxe1+ 40. Kh2 Qd2 41. Kg1 Qxb2 42. g4 Qxc3 43. Kg2 Qxf3+ 44. Kxf3 hxg4+ 45. Kxg4 Kh6 46. b5 Bd4 47. Kh4 Bb6 48. Kg4 Bd8 49. Kf4 Kh5 50. Ke5 Kh4 51. Ke6 g5 52. Kf5 Kxh3 53. b6 g4 54. b7 Bc7 0-1

[Event "Czech Open GM 2019"]
[Site "Pardubice"]
[Date "2019.07.21"]
[Round "3.16"]
[White "Lorscheid, Gerhard"]
[Black "Schmidek, Emil"]
[Result "0-1"]
[WhiteElo "2228"]
[BlackElo "2391"]
[Annotator "NA"]
[PlyCount "60"]
[EventDate "2019.07.19"]
[EventType "swiss"]
[EventCountry "CZE"]
[SourceTitle "playchess.com"]
[Source "ChessBase"]
[SourceQuality "1"]

1. d4 Nf6 2. c4 e6 3. Nf3 b6 4. Nc3 Bb4 5. Qb3 c5 6. e3 Bb7 7. Be2 Ne4 8. O-O Bxc3 9. bxc3 Nc6 10. Qc2 Na5 11. d5 Nd6 12. e4 Ndxc4 13. dxe6 fxe6 14. Bd3 Qc7 15. Qe2 Ne5 16. Nxe5 Qxe5 17. f4 Qf6 18. e5 Qf7 19. f5 O-O-O 20. Bg5 Rde8 21. Rad1 Bc6 22. Qg4 exf5 23. Bxf5 Rxe5 24. Bh4 g6 25. Bd3 Qe6 26. Qf4 g5 27. Bxg5 Rg8 28. Ba6+ Nb7 29. h4 h6 30. Bc4 d5 0-1

[Event "Czech Open GM 2019"]
[Site "Pardubice"]
[Date "2019.07.21"]
[Round "3.17"]
[White "Keller, Peter"]
[Black "Koustav Chatterjee"]
[Result "1/2-1/2"]
[WhiteElo "2279"]
[BlackElo "2430"]
[Annotator "NA"]
[PlyCount "94"]
[EventDate "2019.07.19"]
[EventType "swiss"]
[EventCountry "CZE"]
[SourceTitle "playchess.com"]
[Source "ChessBase"]
[SourceQuality "1"]

1. e4 c5 2. Nf3 e6 3. d4 cxd4 4. Nxd4 Nc6 5. Nc3 Qc7 6. Be3 a6 7. Qf3 d6 8. O-O-O Bd7 9. Nxc6 Bxc6 10. Qg3 Nf6 11. Bd3 b5 12. a3 Qb7 13. f4 a5 14. e5 dxe5 15. fxe5 b4 16. exf6 bxc3 17. bxc3 gxf6 18. Kd2 Qb8 19. Bf4 Qd8 20. Rhe1 Qd5 21. Re2 Rd8 22. Ke1 Bxa3 23. Red2 Qc5 24. Bf1 Rxd2 25. Rxd2 Bc1 26. Rd3 Bxf4 27. Qxf4 Qe5+ 28. Qxe5 fxe5 29. Rd6 Be4 30. Ra6 Ke7 31. Rxa5 Bxc2 32. Rxe5 Ra8 33. Kf2 Ra3 34. Re3 Kd6 35. g4 f6 36. Kg3 e5 37. h4 h5 38. Rf3 Ke7 39. Bh3 hxg4 40. Bxg4 Ra4 41. Rf2 Be4 42. Bf3 Bxf3 43. Rxf3 Ke6 44. h5 f5 45. Kg2 Kf6 46. Rh3 Ra2+ 47. Kf1 Kg7 1/2-1/2

[Event "Czech Open GM 2019"]
[Site "Pardubice"]
[Date "2019.07.21"]
[Round "3.17"]
[White "Grabinsky, Vladimir"]
[Black "Stalmach, Richard"]
[Result "1-0"]
[WhiteElo "2226"]
[BlackElo "2381"]
[Annotator "NA"]
[PlyCount "85"]
[EventDate "2019.07.19"]
[EventType "swiss"]
[EventCountry "CZE"]
[SourceTitle "playchess.com"]
[Source "ChessBase"]
[SourceQuality "1"]

1. d4 Nf6 2. Nc3 d5 3. Bf4 c6 4. e3 g6 5. h4 h5 6. Nf3 Bg7 7. Bd3 Nbd7 8. Qe2 Ng4 9. e4 e5 10. exd5 O-O 11. dxc6 exf4 12. cxd7 Bxd7 13. O-O-O b5 14. Kb1 b4 15. Ne4 Bc6 16. Bc4 Bd5 17. Ne5 Bxc4 18. Qxc4 Rc8 19. Qb3 Qe7 20. Nxg4 Qxe4 21. Ne5 Qf5 22. Rhe1 Kh7 23. Qd3 Qxd3 24. Rxd3 Rfe8 25. c3 Re7 26. Nf3 Rxe1+ 27. Nxe1 Re8 28. Nf3 Bf6 29. Kc2 Kg7 30. c4 Kf8 31. Rd2 Bd8 32. Kd3 f6 33. c5 Re7 34. d5 Ke8 35. d6 Re6 36. Kd4 b3 37. axb3 Ba5 38. Rc2 Kd8 39. Kd5 Re8 40. c6 Bb6 41. b4 a6 42. b3 Ba7 43. Ra2 1-0

[Event "Czech Open GM 2019"]
[Site "Pardubice"]
[Date "2019.07.21"]
[Round "3.18"]
[White "Horvath, Dominik"]
[Black "Frolov, Aleksey G"]
[Result "1-0"]
[WhiteElo "2424"]
[BlackElo "2174"]
[Annotator "NA"]
[PlyCount "67"]
[EventDate "2019.07.19"]
[EventType "swiss"]
[EventCountry "CZE"]
[SourceTitle "playchess.com"]
[Source "ChessBase"]
[SourceQuality "1"]

1. Nf3 Nf6 2. c4 g6 3. Nc3 d5 4. cxd5 Nxd5 5. h4 Bg7 6. h5 O-O 7. hxg6 hxg6 8. Qa4 e5 9. Nxd5 Qxd5 10. Qh4 f6 11. Qh7+ Kf7 12. Nh4 Bf5 13. Nxf5 gxf5 14. Qxf5 Nc6 15. Qh5+ Ke7 16. Qg4 Rf7 17. b3 Nd4 18. e4 Qd6 19. Bc4 Nc2+ 20. Ke2 Nxa1 21. Ba3 Qxa3 22. Qe6+ Kd8 23. Qxf7 Qf8 24. Qd5+ Kc8 25. Qe6+ Kb8 26. Rxa1 a6 27. Qd7 Ka7 28. Bd5 Rc8 29. Rc1 Bh6 30. a3 Kb6 31. Rc6+ Ka7 32. Rc4 a5 33. b4 axb4 34. Rxb4 1-0

[Event "Czech Open GM 2019"]
[Site "Pardubice"]
[Date "2019.07.21"]
[Round "3.18"]
[White "Nikologorsky, Matfei"]
[Black "Jablonicky, Martin"]
[Result "1-0"]
[WhiteElo "2223"]
[BlackElo "2378"]
[Annotator "NA"]
[PlyCount "81"]
[EventDate "2019.07.19"]
[EventType "swiss"]
[EventCountry "CZE"]
[SourceTitle "playchess.com"]
[Source "ChessBase"]
[SourceQuality "1"]

1. e4 e5 2. Nf3 Nc6 3. Bb5 a6 4. Ba4 Nf6 5. O-O b5 6. Bb3 Bb7 7. d3 Be7 8. Re1 O-O 9. c3 d6 10. Nbd2 Re8 11. Nf1 Bf8 12. Ng3 g6 13. a4 Bg7 14. Ng5 Re7 15. Nxf7 Rxf7 16. Bxf7+ Kxf7 17. axb5 axb5 18. Qb3+ Ke7 19. Rxa8 Qxa8 20. Qxb5 Ba6 21. Qa4 Qb7 22. Qc2 Qb5 23. Rd1 Na5 24. b4 Nb7 25. Qa2 Nd8 26. c4 Qxb4 27. Qxa6 Qb3 28. Rf1 Qxd3 29. Bg5 Ne6 30. Bxf6+ Bxf6 31. Qc8 Kf7 32. Qd7+ Be7 33. Qc6 h5 34. Qd5 Qc3 35. Nf5 Bf8 36. Ne3 Bh6 37. Qc6 Kg8 38. Nd5 Qd3 39. Qe8+ Nf8 40. Nf6+ Kg7 41. Qe7+ 1-0

[Event "Czech Open GM 2019"]
[Site "Pardubice"]
[Date "2019.07.21"]
[Round "3.19"]
[White "Rubes, Jan"]
[Black "Milikow, Yoav"]
[Result "1/2-1/2"]
[WhiteElo "2369"]
[BlackElo "2186"]
[Annotator "NA"]
[PlyCount "120"]
[EventDate "2019.07.19"]
[EventType "swiss"]
[EventCountry "CZE"]
[SourceTitle "playchess.com"]
[Source "ChessBase"]
[SourceQuality "1"]

1. e4 e6 2. d4 d5 3. Nd2 c5 4. exd5 exd5 5. Ngf3 Nc6 6. Bb5 Qe7+ 7. Be2 Qc7 8. dxc5 Bxc5 9. Nb3 Be7 10. O-O Nf6 11. c3 O-O 12. Bg5 Be6 13. Re1 Rae8 14. Nbd4 Ne4 15. Bxe7 Rxe7 16. Qa4 Rfe8 17. Rad1 Bg4 18. h3 Nxc3 19. bxc3 Bxf3 20. Nxf3 Rxe2 21. Rxe2 Rxe2 22. Rxd5 g6 23. Qc4 Rc2 24. Rd1 Qe7 25. Re1 Qf6 26. Re3 Kg7 27. g3 Ne7 28. g4 Nc6 29. Kg2 Rb2 30. a4 h6 31. Qd5 Nd8 32. Qe5 Ne6 33. Kg3 b6 34. h4 Ra2 35. Re4 Qxe5+ 36. Nxe5 Nc5 37. Rf4 f6 38. Nc6 Rxa4 39. Nd4 Ra3 40. Nb5 Rb3 41. Nxa7 Rxc3+ 42. Kg2 g5 43. hxg5 hxg5 44. Rb4 Rb3 45. Rxb3 Nxb3 46. Kf3 Kg6 47. Nc6 Kf7 48. Ke4 Ke6 49. Na7 Nc5+ 50. Ke3 Kd5 51. f4 Nb7 52. Nb5 Nd6 53. Nc7+ Kc6 54. Ne6 Kd7 55. Nd4 b5 56. fxg5 fxg5 57. Nf3 Nf7 58. Ke4 Kd6 59. Kf5 Ke7 60. Nd4 Nh6+ 1/2-1/2

[Event "Czech Open GM 2019"]
[Site "Pardubice"]
[Date "2019.07.21"]
[Round "3.19"]
[White "Dushyant, Sharma"]
[Black "Piesik, Piotr"]
[Result "1/2-1/2"]
[WhiteElo "2168"]
[BlackElo "2421"]
[Annotator "NA"]
[PlyCount "67"]
[EventDate "2019.07.19"]
[EventType "swiss"]
[EventCountry "CZE"]
[SourceTitle "playchess.com"]
[Source "ChessBase"]
[SourceQuality "1"]

1. e4 g6 2. d4 Bg7 3. Nc3 c6 4. f4 d6 5. Nf3 Nf6 6. e5 Nd5 7. Nxd5 cxd5 8. Bd3 Bg4 9. h3 Bxf3 10. Qxf3 e6 11. O-O Nc6 12. c3 Qb6 13. Kh1 h5 14. Bd2 Ne7 15. f5 Nxf5 16. Bxf5 gxf5 17. exd6 Qxd6 18. Bf4 Qd7 19. Rac1 Rc8 20. Qg3 f6 21. Rce1 Kf7 22. Re2 h4 23. Qf3 Bf8 24. Rfe1 Re8 25. b3 b5 26. Qd3 Qc6 27. Rc1 Bh6 28. Qd2 Bxf4 29. Qxf4 Re7 30. Qf3 Qd6 31. Re3 a6 32. Rce1 Qc7 33. Qe2 Qc6 34. Qf3 1/2-1/2

[Event "Czech Open GM 2019"]
[Site "Pardubice"]
[Date "2019.07.21"]
[Round "3.20"]
[White "Skliarov, Viktor"]
[Black "Smirnova, Ekaterina"]
[Result "1-0"]
[WhiteElo "2360"]
[BlackElo "2184"]
[Annotator "NA"]
[PlyCount "105"]
[EventDate "2019.07.19"]
[EventType "swiss"]
[EventCountry "CZE"]
[SourceTitle "playchess.com"]
[Source "ChessBase"]
[SourceQuality "1"]

1. e4 e6 2. d4 d5 3. e5 c5 4. c3 Nc6 5. Nf3 Bd7 6. a3 c4 7. Nbd2 Na5 8. g3 Bc6 9. Bh3 Qd7 10. O-O Ba4 11. Qe2 O-O-O 12. Ne1 h5 13. f4 Ne7 14. Ndf3 Nb3 15. Rb1 Nxc1 16. Rxc1 g6 17. Ng5 Nf5 18. Nef3 Kb8 19. Rf2 Bg7 20. Qd2 Ka8 21. Bf1 Rb8 22. Be2 b5 23. Rg2 a5 24. h3 Bb3 25. Kf2 h4 26. g4 Ng3 27. Bd1 Bxd1 28. Rxd1 Bh6 29. Kg1 Rb7 30. Kh2 Qe7 31. Qe1 Bxg5 32. fxg5 Ne4 33. Qe3 b4 34. axb4 axb4 35. Ra1+ Kb8 36. Ra6 Kc7 37. cxb4 Qxb4 38. Qf4 Qe7 39. Nd2 Nxg5 40. Nxc4 dxc4 41. d5 Kb8 42. d6 Qd8 43. b4 Ra7 44. Rxa7 Kxa7 45. Ra2+ Kb8 46. Qe3 Qd7 47. Ra6 Nf3+ 48. Kh1 c3 49. Rb6+ Ka8 50. Qxf3+ Ka7 51. Qf2 c2 52. Rb5+ Ka8 53. Qf3+ 1-0

[Event "Czech Open GM 2019"]
[Site "Pardubice"]
[Date "2019.07.21"]
[Round "3.20"]
[White "Vakulenko, Oleksandr"]
[Black "Nguyen, Piotr"]
[Result "0-1"]
[WhiteElo "2138"]
[BlackElo "2420"]
[Annotator "NA"]
[PlyCount "42"]
[EventDate "2019.07.19"]
[EventType "swiss"]
[EventCountry "CZE"]
[SourceTitle "playchess.com"]
[Source "ChessBase"]
[SourceQuality "1"]

1. d4 Nf6 2. c4 d6 3. Nc3 Nbd7 4. e4 e5 5. Nge2 c6 6. f3 Be7 7. Be3 O-O 8. Qd2 d5 9. cxd5 cxd5 10. exd5 exd4 11. Bxd4 Nb6 12. Nf4 Nfxd5 13. Nfxd5 Nxd5 14. g3 Bg5 15. f4 Re8+ 16. Ne2 Be7 17. Kf2 Nf6 18. Kg1 Bg4 19. Qd3 Bc5 20. Qc4 Bxd4+ 21. Nxd4 Re4 0-1

[Event "Czech Open GM 2019"]
[Site "Pardubice"]
[Date "2019.07.21"]
[Round "3.21"]
[White "Mica, Marek"]
[Black "Iliaguev, Nisim"]
[Result "1/2-1/2"]
[WhiteElo "2222"]
[BlackElo "2357"]
[Annotator "NA"]
[PlyCount "124"]
[EventDate "2019.07.19"]
[EventType "swiss"]
[EventCountry "CZE"]
[SourceTitle "playchess.com"]
[Source "ChessBase"]
[SourceQuality "1"]

1. d4 Nf6 2. c4 c5 3. d5 e6 4. Nc3 exd5 5. cxd5 d6 6. Nf3 g6 7. Nd2 Bg7 8. e4 O-O 9. Be2 Re8 10. O-O Nbd7 11. a4 Ne5 12. Re1 g5 13. Nf1 h6 14. Qc2 a6 15. Ng3 Ng6 16. Bd2 Bd7 17. Nd1 b5 18. Ne3 Nf4 19. Bf1 h5 20. f3 Qb6 21. a5 Qd8 22. Ngf5 Bf8 23. b4 Ng6 24. Qb2 Bxf5 25. Nxf5 Nd7 26. Qc1 f6 27. Ra3 Rc8 28. bxc5 dxc5 29. f4 g4 30. h3 c4 31. hxg4 h4 32. Rh3 Nc5 33. Qc2 Qc7 34. Nxh4 Nxf4 35. Bxf4 Qxf4 36. e5 Qd4+ 37. Kh1 Nd3 38. Bxd3 cxd3 39. Qxd3 Qxd3 40. Rxd3 Rxe5 41. Red1 Re4 42. d6 Rxg4 43. Nf5 Kf7 44. d7 Rd8 45. Nd6+ Bxd6 46. Rxd6 Ke7 47. Rxa6 Rxd7 48. Rxd7+ Kxd7 49. Rb6 Rb4 50. Rxf6 Ra4 51. a6 Ke7 52. Rb6 Kf7 53. Kh2 b4 54. Kh3 b3 55. g4 b2 56. Kh4 Rxa6 57. Rxb2 Kg6 58. Rb8 Rc6 59. Rg8+ Kh7 60. Rg5 Kh6 61. Ra5 Kg6 62. g5 Rc4+ 1/2-1/2

[Event "Czech Open GM 2019"]
[Site "Pardubice"]
[Date "2019.07.21"]
[Round "3.21"]
[White "Iliaguev, Daniel"]
[Black "Dobrowolski, Piotr"]
[Result "1/2-1/2"]
[WhiteElo "2053"]
[BlackElo "2418"]
[Annotator "NA"]
[PlyCount "108"]
[EventDate "2019.07.19"]
[EventType "swiss"]
[EventCountry "CZE"]
[SourceTitle "playchess.com"]
[Source "ChessBase"]
[SourceQuality "1"]

1. g3 e5 2. c4 c6 3. Bg2 d5 4. cxd5 cxd5 5. d4 e4 6. Nc3 Nf6 7. Bg5 Nbd7 8. Nh3 Bb4 9. O-O Bxc3 10. bxc3 O-O 11. f3 exf3 12. Bxf3 h6 13. Bxf6 Nxf6 14. Nf4 g5 15. Nd3 Bh3 16. Rf2 Ne4 17. Bxe4 dxe4 18. Nc5 e3 19. Rf3 Qe7 20. Nd3 f6 21. c4 Rad8 22. Qc1 Rfe8 23. Qc3 Bg4 24. Raf1 Bxf3 25. Rxf3 Kg7 26. d5 b5 27. Nb4 Qe5 28. Qxe5 fxe5 29. cxb5 e4 30. Rxe3 Kf6 31. Rc3 Rd7 32. e3 g4 33. a4 Rf8 34. a5 Rb7 35. b6 axb6 36. a6 Rbf7 37. Nc6 Kg5 38. Rc1 Ra8 39. a7 Raxa7 40. Nxa7 Rxa7 41. Rc6 Rd7 42. Rxb6 Rxd5 43. Rb2 h5 44. Kg2 h4 45. gxh4+ Kxh4 46. Rb8 Rd2+ 47. Kg1 Re2 48. Rh8+ Kg5 49. Rg8+ Kf5 50. Rf8+ Ke5 51. Re8+ Kd5 52. Rd8+ Kc5 53. Rc8+ Kd6 54. Rd8+ Ke5 1/2-1/2

[Event "Czech Open GM 2019"]
[Site "Pardubice"]
[Date "2019.07.21"]
[Round "3.22"]
[White "Hollan, Martin"]
[Black "Kataev, Aleksandr"]
[Result "1-0"]
[WhiteElo "2416"]
[BlackElo "1913"]
[Annotator "NA"]
[PlyCount "55"]
[EventDate "2019.07.19"]
[EventType "swiss"]
[EventCountry "CZE"]
[SourceTitle "playchess.com"]
[Source "ChessBase"]
[SourceQuality "1"]

1. d4 Nf6 2. c4 g6 3. Nc3 Bg7 4. e4 d6 5. Nf3 O-O 6. Be2 Na6 7. O-O e5 8. Be3 Qe8 9. h3 Bd7 10. Re1 Kh8 11. Bf1 c6 12. b4 exd4 13. Bxd4 Qc8 14. b5 Nc7 15. Rc1 Nce8 16. c5 dxc5 17. Bxc5 Rg8 18. e5 Nh5 19. Qd4 b6 20. Ba3 c5 21. Qh4 Be6 22. Rcd1 Rf8 23. g4 Nf4 24. Bc1 f5 25. Bxf4 fxg4 26. Ng5 h5 27. Bg3 Bf5 28. Nd5 1-0

[Event "Czech Open GM 2019"]
[Site "Pardubice"]
[Date "2019.07.21"]
[Round "3.22"]
[White "Hemant, Sharma"]
[Black "Husek, Martin"]
[Result "1-0"]
[WhiteElo "2355"]
[BlackElo "2182"]
[Annotator "NA"]
[PlyCount "73"]
[EventDate "2019.07.19"]
[EventType "swiss"]
[EventCountry "CZE"]
[SourceTitle "playchess.com"]
[Source "ChessBase"]
[SourceQuality "1"]

1. e4 c5 2. Nc3 Nc6 3. g3 g6 4. Bg2 Bg7 5. d3 d6 6. Be3 e6 7. Qd2 Rb8 8. Nge2 b5 9. O-O b4 10. Nd1 Nge7 11. Bh6 O-O 12. Bxg7 Kxg7 13. Ne3 e5 14. f4 f6 15. c3 bxc3 16. bxc3 Qa5 17. Nc4 Qc7 18. fxe5 fxe5 19. Rxf8 Kxf8 20. Rf1+ Kg7 21. Nf4 Bd7 22. Nd5 Nxd5 23. exd5 Ne7 24. Qf2 Ng8 25. Qf7+ Kh8 26. Bh3 Rb7 27. Bxd7 Qxd7 28. Nxd6 Qxf7 29. Nxf7+ Kg7 30. Nxe5 Re7 31. Nc4 Nf6 32. d6 Rd7 33. Re1 Nd5 34. Re5 Nxc3 35. Rxc5 Kf6 36. Ne5 Rxd6 37. Ng4+ 1-0

[Event "Czech Open GM 2019"]
[Site "Pardubice"]
[Date "2019.07.21"]
[Round "3.23"]
[White "Bagi, Mate"]
[Black "Novotny, Michal"]
[Result "1-0"]
[WhiteElo "2459"]
[BlackElo "2280"]
[Annotator "ChessBase"]
[PlyCount "89"]
[EventDate "2019.07.19"]
[EventType "swiss"]
[EventCountry "CZE"]
[SourceTitle "playchess.com"]
[Source "ChessBase"]
[SourceQuality "1"]

1. e4 e5 2. Nf3 Nf6 3. Nc3 Nc6 4. d4 exd4 5. Nxd4 Bb4 6. Nxc6 bxc6 7. Bd3 d5 8. exd5 Qe7+ 9. Qe2 Qxe2+ 10. Kxe2 Nxd5 11. Nxd5 cxd5 12. Bb5+ Bd7 13. Bxd7+ Kxd7 14. Rd1 Kc6 15. c4 dxc4 16. Rd4 Bd6 17. Rxc4+ Kd5 18. b3 Rhe8+ 19. Be3 f5 20. Rd1+ Ke6 21. Kf3 a5 22. Bd2 Reb8 23. Rh4 h6 24. Bc3 Kf7 25. Rhd4 g6 26. h4 h5 27. Rc1 Rb5 28. Bd2 Ra6 29. Rcc4 Ke6 30. Ra4 c5 31. Rd3 Bc7 32. Rc4 Bd6 33. Bc3 Be7 34. g3 Bd6 35. Ke2 Ra7 36. Bd2 a4 37. bxa4 Rb2 38. a3 Ra2 39. Kf3 Rb7 40. Be3 Ra7 41. Bxc5 Rd7 42. Be3 f4 43. gxf4 Rxa3 44. Rxa3 Bxa3 45. a5 1-0

[Event "Czech Open GM 2019"]
[Site "Pardubice"]
[Date "2019.07.21"]
[Round "3.23"]
[White "Muhseen Abdullah Mohammed"]
[Black "Mosesov, Danylo"]
[Result "1-0"]
[WhiteElo "2200"]
[BlackElo "2353"]
[Annotator "NA"]
[PlyCount "105"]
[EventDate "2019.07.19"]
[EventType "swiss"]
[EventCountry "CZE"]
[SourceTitle "playchess.com"]
[Source "ChessBase"]
[SourceQuality "1"]

1. d4 Nf6 2. c4 e6 3. Nf3 a6 4. g3 b5 5. c5 d6 6. cxd6 cxd6 7. Bg2 Bb7 8. O-O Be7 9. Nc3 O-O 10. Re1 Nbd7 11. Qb3 d5 12. Bg5 Rc8 13. Rac1 h6 14. Bf4 Nb6 15. h3 Nc4 16. g4 Bd6 17. e3 g5 18. Bxd6 Qxd6 19. a3 Rc7 20. Re2 Rfc8 21. Rec2 Kg7 22. Ne1 Nd7 23. Nd3 Na5 24. Qb4 Qxb4 25. axb4 Nb3 26. Rd1 a5 27. Bf1 axb4 28. Nxb4 Nb6 29. Bxb5 Ra8 30. Bd3 Ra5 31. Nca2 Na8 32. Rxc7 Nxc7 33. Bc2 Na6 34. Nxa6 Rxa2 35. Bxb3 Rxa6 36. Rb1 Bc6 37. Kf1 h5 38. gxh5 Kh6 39. Bd1 Bb5+ 40. Ke1 Rb6 41. Kd2 f5 42. Ra1 Bf1 43. Rb1 Bxh3 44. Be2 f4 45. b4 Bf5 46. Rb2 fxe3+ 47. Kxe3 g4 48. b5 Kxh5 49. Kf4 Kh4 50. Rb3 Bc2 51. Rc3 Ba4 52. Bxg4 e5+ 53. dxe5 1-0

[Event "Czech Open GM 2019"]
[Site "Pardubice"]
[Date "2019.07.21"]
[Round "3.24"]
[White "Seger, Ruediger"]
[Black "Richterova, Natasa"]
[Result "1-0"]
[WhiteElo "2350"]
[BlackElo "2179"]
[Annotator "NA"]
[PlyCount "101"]
[EventDate "2019.07.19"]
[EventType "swiss"]
[EventCountry "CZE"]
[SourceTitle "playchess.com"]
[Source "ChessBase"]
[SourceQuality "1"]

1. e4 d6 2. d4 Nf6 3. Nc3 e5 4. Nf3 Nbd7 5. Bc4 Be7 6. a4 a5 7. O-O O-O 8. h3 c6 9. Re1 Qc7 10. Be3 Nb6 11. Ba2 Ra6 12. Qe2 Bd7 13. Nd2 Raa8 14. Bb3 Rac8 15. Rad1 Rfd8 16. f4 exd4 17. Bxd4 c5 18. Be3 c4 19. Qf2 cxb3 20. Bxb6 bxc2 21. Bxc7 cxd1=Q 22. Rxd1 Rxc7 23. Nb3 Bc6 24. Qe2 Re8 25. Nxa5 d5 26. Nxc6 bxc6 27. e5 Bc5+ 28. Kh1 Bb4 29. Qc2 Bxc3 30. bxc3 Nh5 31. Qf2 g6 32. a5 Ng7 33. Qb6 Ne6 34. a6 Ra8 35. g3 Kg7 36. Kg2 Raa7 37. Kf3 Nf8 38. Ra1 Nd7 39. Qd4 Kg8 40. c4 dxc4 41. Qxc4 Nf8 42. Rb1 Ne6 43. Rb8+ Kg7 44. f5 Ng5+ 45. Kg4 h6 46. h4 gxf5+ 47. Kxf5 c5 48. hxg5 hxg5 49. Qg4 Rc6 50. Qxg5+ Rg6 51. Qd8 1-0